[Event "Ekaterinburg Scerbin Memorial Blitz"]
[Site "Ekaterinburg"]
[Date "2024.01.12"]
[Round "13"]
[White "Shimanov, Aleksandr"]
[Black "Odegov, Artem"]
[Result "1-0"]
[WhiteElo "2578"]
[BlackElo "2261"]
[PlyCount "107"]
[EventDate "2024.01.12"]
[EventType "swiss (blitz)"]
[EventRounds "13"]
[EventCountry "RUS"]
[SourceTitle "CB03_2024"]
[SourceDate "2024.01.17"]
[SourceVersion "1"]
[SourceVersionDate "2024.01.17"]
[SourceQuality "1"]

1. b3 e5 2. Bb2 Nc6 3. c4 Nge7 4. e3 d5 5. cxd5 Nxd5 6. a3 Bd6 7. d3 0-0 8. Nd2 Qe7 9. g3 Nb6 10. Bg2 Be6 11. Ngf3 f5 12. 0-0 Rad8 13. Qc2 Kh8 14. b4 a6 15. Rac1 Bg8 16. Qb1 Na4 17. Ba1 Nb6 18. Nb3 e4 19. dxe4 fxe4 20. Nfd2 Be5 21. Qxe4 Bd5 22. Qc2 Bxg2 23. Kxg2 Bxa1 24. Rxa1 Nd5 25. Rae1 Ne5 26. e4 Nd3 27. Kg1 Nxe1 28. Rxe1 Nf6 29. h3 c6 30. Kg2 Nd7 31. f4 Nb6 32. Nf3 Qe6 33. Nc5 Qc4 34. Qb2 Rb8 35. Ne5 Qg8 36. Qe2 Rbd8 37. Nxb7 Rde8 38. Nc5 g6 39. Rd1 Qg7 40. Rd6 Nc8 41. Rxc6 Ne7 42. Rxa6 Nc8 43. Ne6 Qb7 44. Nxf8 Rxf8 45. Rc6 Ne7 46. Rc4 Nf5 47. Nc6 Nd6 48. Rc2 Rc8 49. b5 Nxb5 50. Ne5 Nd4 51. Rxc8+ Qxc8 52. Qb2 Ne6 53. Nxg6+ Kg8 54. Ne7+ 1-0

[Event "Cheliabinsk Kurnosov Memorial Rapid"]
[Site "Cheliabinsk"]
[Date "2023.09.09"]
[Round "6"]
[White "Odegov, Artem"]
[Black "Iljiushenok, Ilia"]
[Result "0-1"]
[WhiteElo "2261"]
[BlackElo "2547"]
[PlyCount "82"]
[EventDate "2023.09.08"]
[EventType "swiss (rapid)"]
[EventRounds "11"]
[EventCountry "RUS"]
[SourceTitle "EXT 2024"]
[Source "ChessBase"]
[SourceDate "2023.10.10"]
[SourceVersion "1"]
[SourceVersionDate "2023.10.10"]
[SourceQuality "1"]

1. d4 d5 2. Nc3 c6 3. Bf4 Nf6 4. e3 Bf5 5. Nf3 Nbd7 6. Ne5 Nxe5 7. dxe5 Nd7 8. Bd3 e6 9. e4 dxe4 10. Bxe4 Nc5 11. Bxf5 exf5 12. 0-0 Qxd1 13. Raxd1 Ne6 14. Be3 Bc5 15. Bxc5 Nxc5 16. f4 Ke7 17. Kf2 Rad8 18. Kf3 Ne6 19. Ne2 f6 20. exf6+ Kxf6 21. c3 Rhe8 22. h4 g6 23. Rfe1 Nc5 24. Rxd8 Rxd8 25. Nd4 Ne4 26. Ke3 Re8 27. Kf3 c5 28. Nb3 Rd8 29. Ke3 b6 30. Ke2 Re8 31. Kf1 Ng3+ 32. Kf2 Rxe1 33. Kxe1 Nh5 34. Nc1 Nxf4 35. Kf2 h6 36. g3 Nd5 37. Kf3 g5 38. hxg5+ hxg5 39. Nd3 Ke6 40. a4 Nf6 41. c4 Nd7 0-1

[Event "Titled Tuesday intern op 30th May Late"]
[Site "Chess.com INT"]
[Date "2023.05.30"]
[Round "7"]
[White "Figorito, Nick"]
[Black "Odegov, Artem"]
[Result "1-0"]
[WhiteElo "2036"]
[BlackElo "2261"]
[PlyCount "43"]
[EventDate "2023.05.30"]
[EventType "swiss (blitz)"]
[EventRounds "11"]
[EventCountry "USA"]
[SourceTitle "CBM 214 Extra"]
[Source "ChessBase"]
[SourceDate "2023.07.31"]
[SourceVersion "1"]
[SourceVersionDate "2023.07.31"]
[SourceQuality "1"]

1. Nf3 b6 2. g3 Bb7 3. Bg2 e6 4. 0-0 Nf6 5. c4 d5 6. cxd5 exd5 7. d4 Be7 8. Nc3 0-0 9. Bf4 Nbd7 10. Rc1 Rc8 11. Nb5 c6 12. Nxa7 Ra8 13. Nxc6 Bxc6 14. Rxc6 Rxa2 15. Qb3 Ra5 16. Rfc1 Qa8 17. Rc7 Ra1 18. Ne5 Bd6 19. Rxa1 Qxa1+ 20. Rc1 Qa7 21. Nc6 Qc7 22. Ne7+ 1-0

[Event "Titled Tuesday intern op 30th May Late"]
[Site "Chess.com INT"]
[Date "2023.05.30"]
[Round "3"]
[White "Odegov, Artem"]
[Black "Ferey, Antonin"]
[Result "0-1"]
[WhiteElo "2261"]
[BlackElo "2181"]
[PlyCount "84"]
[EventDate "2023.05.30"]
[EventType "swiss (blitz)"]
[EventRounds "11"]
[EventCountry "USA"]
[SourceTitle "CBM 214 Extra"]
[Source "ChessBase"]
[SourceDate "2023.07.31"]
[SourceVersion "1"]
[SourceVersionDate "2023.07.31"]
[SourceQuality "1"]

1. d4 Nf6 2. c4 g6 3. Nc3 Bg7 4. e4 d6 5. h3 0-0 6. Be3 h5 7. Bd3 e5 8. d5 a5 9. Nge2 Na6 10. f3 Nc5 11. Bc2 c6 12. g4 cxd5 13. cxd5 b6 14. Kf2 Ba6 15. Qd2 Qd7 16. Rag1 Rfc8 17. Bg5 h4 18. Bxh4 b5 19. Bg5 b4 20. Nd1 a4 21. Ne3 b3 22. axb3 Nxb3 23. Bxb3 axb3 24. Nc3 Nh7 25. Bh4 Bh6 26. g5 Bf8 27. Ra1 Be7 28. Ng4 Qd8 29. Rhg1 Kf8 30. Nf6 Nxf6 31. gxf6 Bxf6 32. Qh6+ Ke8 33. Rg4 Bxh4+ 34. Rxh4 Qf6 35. Qh8+ Ke7 36. Qxf6+ Kxf6 37. Ke3 Bc4 38. Rxa8 Rxa8 39. Rg4 Ra1 40. Rg2 Rh1 41. Rg3 Rh2 42. Na4 Re2# 0-1

[Event "Titled Tuesday intern op 30th May Late"]
[Site "Chess.com INT"]
[Date "2023.05.30"]
[Round "1"]
[White "Odegov, Artem"]
[Black "Padalka, Artem"]
[Result "0-1"]
[WhiteElo "2261"]
[BlackElo "2158"]
[PlyCount "110"]
[EventDate "2023.05.30"]
[EventType "swiss (blitz)"]
[EventRounds "11"]
[EventCountry "USA"]
[SourceTitle "CBM 214 Extra"]
[Source "ChessBase"]
[SourceDate "2023.07.31"]
[SourceVersion "1"]
[SourceVersionDate "2023.07.31"]
[SourceQuality "1"]

1. d4 Nf6 2. c4 c5 3. d5 g6 4. Nc3 Bg7 5. e4 d6 6. h3 0-0 7. Nf3 e6 8. Bd3 exd5 9. exd5 Re8+ 10. Be3 Bh6 11. 0-0 Bxe3 12. fxe3 Qe7 13. e4 a6 14. Qd2 Nbd7 15. Qf4 Kg7 16. Rae1 Ne5 17. Nxe5 Qxe5 18. Qxe5 Rxe5 19. Na4 b5 20. Nc3 b4 21. Na4 Rb8 22. b3 Bd7 23. Nb2 a5 24. Bc2 Rbe8 25. Rf4 g5 26. Rf3 Nxe4 27. Rfe3 Nc3 28. Rxe5 Rxe5 29. Rxe5 dxe5 30. Kf2 Nxa2 31. Ke3 f5 32. Nd3 Kf6 33. Nxc5 f4+ 34. Kd2 Bf5 35. Bxf5 Kxf5 36. d6 Kf6 37. Nb7 Ke6 38. c5 Nc3 39. Kd3 e4+ 40. Kc2 e3 41. Kd3 Ne4 42. Nxa5 Nxc5+ 43. Ke2 Kxd6 44. Nc4+ Kd5 45. Na5 Kd4 46. Nc6+ Kc3 47. Ne7 Nxb3 48. Nd5+ Kc4 49. Nf6 Nd4+ 50. Kd1 b3 51. Kc1 e2 52. Kd2 b2 53. Nd7 b1Q 54. Ne5+ Kd5 55. Nd3 Qc2+ 0-1

[Event "Titled Tuesday intern op 25th Apr Early"]
[Site "Chess.com INT"]
[Date "2023.04.25"]
[Round "9"]
[White "Gunina, Valentina"]
[Black "Odegov, Artem"]
[Result "1/2-1/2"]
[WhiteElo "2469"]
[BlackElo "2261"]
[PlyCount "145"]
[EventDate "2023.04.25"]
[EventType "swiss (blitz)"]
[EventRounds "11"]
[EventCountry "USA"]
[SourceTitle "EXT 2024"]
[Source "ChessBase"]
[SourceDate "2023.10.10"]
[SourceVersion "1"]
[SourceVersionDate "2023.10.10"]
[SourceQuality "1"]

1. d4 d5 2. c4 e6 3. Nf3 c5 4. cxd5 exd5 5. Nc3 Nc6 6. Bg5 Be7 7. Bxe7 Ngxe7 8. dxc5 0-0 9. e3 Qa5 10. Bd3 Qxc5 11. h3 Rd8 12. 0-0 d4 13. Ne4 Qd5 14. Qe2 Bf5 15. exd4 Nxd4 16. Nxd4 Qxd4 17. Rad1 Nc6 18. Rfe1 Qe5 19. Qh5 Bg6 20. Qxe5 Nxe5 21. Bb1 Nc4 22. b3 Nb2 23. Rxd8+ Rxd8 24. Nc3 Bxb1 25. Rxb1 Nd3 26. Rd1 Rd7 27. Kf1 Ne5 28. Rxd7 Nxd7 29. Nb5 a6 30. Nd6 b5 31. Ke2 Kf8 32. Kd3 Ke7 33. Nf5+ Kf6 34. Nd4 Ke5 35. Nc6+ Kd6 36. Nb4 a5 37. Nc2 Kd5 38. Ne3+ Ke5 39. Kc3 Nc5 40. Nd1 h5 41. b4 Ne4+ 42. Kb3 a4+ 43. Kc2 Kd4 44. f3 Nf6 45. Nc3 Kc4 46. a3 g5 47. Nd1 Nd5 48. Nf2 Ne3+ 49. Kb2 Nxg2 50. Ne4 Ne1 51. Nxg5 Nd3+ 52. Kc2 f6 53. Ne4 Ne5 54. Nd6+ Kd5 55. Nxb5 Nxf3 56. Nc3+ Kc4 57. Nxa4 Ng5 58. Nb2+ Kb5 59. Kb3 Nxh3 60. a4+ Ka6 61. b5+ Kb7 62. Nd3 Ng5 63. a5 Ne4 64. Kc4 h4 65. Nf4 f5 66. b6 Ka6 67. Kd5 Nc3+ 68. Kc6 Nb5 69. b7 Na7+ 70. Kc7 Nb5+ 71. Kc6 Na7+ 72. Kc7 Nb5+ 73. Kc6 1/2-1/2

[Event "Titled Tuesday intern op 25th Apr Early"]
[Site "Chess.com INT"]
[Date "2023.04.25"]
[Round "6"]
[White "Korol, Dimitry"]
[Black "Odegov, Artem"]
[Result "0-1"]
[WhiteElo "2287"]
[BlackElo "2261"]
[PlyCount "78"]
[EventDate "2023.04.25"]
[EventType "swiss (blitz)"]
[EventRounds "11"]
[EventCountry "USA"]
[SourceTitle "EXT 2024"]
[Source "ChessBase"]
[SourceDate "2023.10.10"]
[SourceVersion "1"]
[SourceVersionDate "2023.10.10"]
[SourceQuality "1"]

1. d4 d5 2. c4 e6 3. Nc3 c5 4. cxd5 exd5 5. Nf3 Nc6 6. g3 Nf6 7. Bg2 Be7 8. 0-0 0-0 9. dxc5 Bxc5 10. Na4 Be7 11. Be3 Bg4 12. Rc1 Re8 13. Bc5 Rc8 14. Re1 h6 15. a3 Bxc5 16. Nxc5 Qe7 17. b4 Rcd8 18. Nd4 Ne5 19. Qb3 Nc4 20. e3 Ne5 21. h3 Bh5 22. Nd3 Nxd3 23. Qxd3 Bg6 24. Qb3 Ne4 25. Qb2 Rc8 26. Rxc8 Rxc8 27. Rc1 Qd7 28. Rc2 Rxc2 29. Nxc2 Qc7 30. Nd4 Qc4 31. Bf1 Qc8 32. Qb3 Qc1 33. Qxd5 Nd2 34. Qg2 Bd3 35. Qxb7 Qxf1+ 36. Kh2 Qxf2+ 37. Qg2 Nf1+ 38. Kh1 Be4 39. Qxe4 Nxg3# 0-1

[Event "Titled Tuesday intern op 25th Apr Early"]
[Site "Chess.com INT"]
[Date "2023.04.25"]
[Round "7"]
[White "Odegov, Artem"]
[Black "Csonka, Balazs"]
[Result "1/2-1/2"]
[WhiteElo "2261"]
[BlackElo "2496"]
[PlyCount "81"]
[EventDate "2023.04.25"]
[EventType "swiss (blitz)"]
[EventRounds "11"]
[EventCountry "USA"]
[SourceTitle "EXT 2024"]
[Source "ChessBase"]
[SourceDate "2023.10.10"]
[SourceVersion "1"]
[SourceVersionDate "2023.10.10"]
[SourceQuality "1"]

1. d4 Nf6 2. c4 e6 3. Nf3 d5 4. Nc3 Be7 5. Bg5 h6 6. Bxf6 Bxf6 7. e3 0-0 8. Qc2 c5 9. Rd1 cxd4 10. Nxd4 Nc6 11. Ndb5 a6 12. cxd5 axb5 13. dxc6 Qa5 14. a3 bxc6 15. Be2 Bxc3+ 16. bxc3 Qxa3 17. 0-0 Qc5 18. Qb2 e5 19. Qb4 Qxb4 20. cxb4 Ra4 21. Rb1 Be6 22. Rfc1 Bd5 23. f3 e4 24. Rc5 Rfa8 25. Bxb5 cxb5 26. Rxd5 Ra2 27. Rxb5 Re2 28. Ra5 Rd8 29. b5 Rdd2 30. b6 Rxg2+ 31. Kf1 Rdf2+ 32. Ke1 Re2+ 33. Kf1 Rgf2+ 34. Kg1 Rg2+ 35. Kf1 Rxh2 36. b7 Ref2+ 37. Kg1 Rfg2+ 38. Kf1 Rf2+ 39. Kg1 Rhg2+ 40. Kh1 Rh2+ 41. Kg1 1/2-1/2

[Event "Titled Tuesday intern op 11th Apr Early"]
[Site "Chess.com INT"]
[Date "2023.04.11"]
[Round "7"]
[White "Odegov, Artem"]
[Black "Aradhya, Garg"]
[Result "1-0"]
[WhiteElo "2261"]
[BlackElo "2305"]
[PlyCount "51"]
[EventDate "2023.04.11"]
[EventType "swiss (blitz)"]
[EventRounds "11"]
[EventCountry "USA"]
[SourceTitle "CBM 213 Extra"]
[Source "ChessBase"]
[SourceDate "2023.05.31"]
[SourceVersion "1"]
[SourceVersionDate "2023.05.31"]
[SourceQuality "1"]

1. d4 d5 2. c4 c6 3. Nc3 Nf6 4. Nf3 dxc4 5. a4 Bf5 6. Ne5 e6 7. g3 c5 8. dxc5 Qxd1+ 9. Nxd1 Bxc5 10. Bg2 Be4 11. f3 Bd5 12. e4 Nc6 13. Nxc6 Bxc6 14. Ne3 0-0-0 15. Nxc4 Nd7 16. Bf4 f6 17. Bh3 e5 18. Be3 Bb4+ 19. Ke2 Kc7 20. Rac1 Nc5 21. Bxc5 Bxc5 22. Nxe5 fxe5 23. Rxc5 Kd6 24. Rc4 b5 25. Rd1+ Ke7 26. Rxc6 1-0

[Event "Titled Tuesday intern op 11th Apr Early"]
[Site "Chess.com INT"]
[Date "2023.04.11"]
[Round "2"]
[White "Odegov, Artem"]
[Black "Mahdavi, Reza"]
[Result "1-0"]
[WhiteElo "2261"]
[BlackElo "2324"]
[PlyCount "140"]
[EventDate "2023.04.11"]
[EventType "swiss (blitz)"]
[EventRounds "11"]
[EventCountry "USA"]
[SourceTitle "CBM 213 Extra"]
[Source "ChessBase"]
[SourceDate "2023.05.31"]
[SourceVersion "1"]
[SourceVersionDate "2023.05.31"]
[SourceQuality "1"]

1. d4 Nf6 2. c4 g6 3. Nc3 Bg7 4. e4 d6 5. h3 0-0 6. Be3 Nbd7 7. g4 a6 8. a4 e5 9. d5 Ne8 10. Bd3 c6 11. Nge2 cxd5 12. cxd5 Rb8 13. Ng3 Nc7 14. a5 b5 15. axb6 Nxb6 16. Qd2 Bd7 17. 0-0 Nc8 18. Rfc1 Ne7 19. Nce2 Kh8 20. Qa5 Nb5 21. Qxd8 Rfxd8 22. Rxa6 Nd4 23. Nxd4 exd4 24. Bg5 f6 25. Bf4 Rxb2 26. Bxd6 Ng8 27. Bc7 Re8 28. Rb6 Rd2 29. Rb3 Bh6 30. Ra1 Rc8 31. d6 Bf4 32. Nf1 Rxd3 33. Rxd3 f5 34. exf5 gxf5 35. Ra5 fxg4 36. Rxd4 Bh6 37. hxg4 Bg7 38. Re4 Nf6 39. Re7 Bf8 40. Rf7 Bg7 41. Rg5 Rg8 42. Rgxg7 Rxg7 43. Rxf6 Rxg4+ 44. Ng3 Kg8 45. Bd8 h5 46. Rh6 Be8 47. Be7 Kg7 48. Rxh5 Rc4 49. Rg5+ Kf7 50. Rf5+ Ke6 51. Rf6+ Kd7 52. Rf3 Bg6 53. Re3 Rc1+ 54. Kg2 Rc2 55. Ne2 Rc4 56. Kg3 Bf5 57. Nf4 Ra4 58. Bf8 Rb4 59. Re7+ Kd8 60. Rf7 Bd7 61. Be7+ Kc8 62. Bg5 Rd4 63. Rf6 Kb7 64. f3 Kc6 65. Ng6 Rxd6 66. Ne5+ Kd5 67. Rxd6+ Kxd6 68. Nxd7 Kxd7 69. Kf4 Ke6 70. Ke4 Kf7 1-0

[Event "Titled Tuesday intern op 14th Mar Early"]
[Site "Chess.com INT"]
[Date "2023.03.14"]
[Round "11"]
[White "Odegov, Artem"]
[Black "Fernandez Siles, Luis"]
[Result "1/2-1/2"]
[WhiteElo "2261"]
[BlackElo "2210"]
[PlyCount "93"]
[EventDate "2023.03.14"]
[EventType "swiss (blitz)"]
[EventRounds "11"]
[EventCountry "USA"]
[SourceTitle "EXT 2024"]
[Source "ChessBase"]
[SourceDate "2023.10.10"]
[SourceVersion "1"]
[SourceVersionDate "2023.10.10"]
[SourceQuality "1"]

1. d4 Nf6 2. c4 g6 3. Nc3 Bg7 4. e4 d6 5. h3 0-0 6. Be3 c6 7. g4 a6 8. a4 a5 9. Nge2 Na6 10. Ng3 Nb4 11. f3 e5 12. d5 cxd5 13. cxd5 Nd7 14. Be2 b6 15. h4 Ba6 16. Bxa6 Rxa6 17. h5 Nc5 18. Qe2 Nb3 19. Rd1 Nd4 20. Bxd4 exd4 21. Nb5 d3 22. Qh2 Qg5 23. hxg6 Qe3+ 24. Kf1 Qxf3+ 25. Kg1 Qxd1+ 26. Kg2 Qd2+ 27. Kh3 Qxh2+ 28. Rxh2 fxg6 29. Rd2 Rf3 30. Kg2 Re3 31. Kf2 Bh6 32. Rd1 Bf4 33. Nf1 Re2+ 34. Kf3 Be5 35. Ne3 Ra8 36. Rxd3 Nxd3 37. Kxe2 Nxb2 38. Nc7 Rc8 39. Ne6 Nxa4 40. g5 Nc3+ 41. Kd3 a4 42. Ng4 a3 43. Nh6+ Kh8 44. Nf7+ Kg8 45. Nh6+ Kh8 46. Nf7+ Kg8 47. Nh6+ 1/2-1/2

[Event "Titled Tuesday intern op 7th Mar Early"]
[Site "Chess.com INT"]
[Date "2023.03.07"]
[Round "4"]
[White "Odegov, Artem"]
[Black "Afanasieva, Alexandra"]
[Result "1-0"]
[WhiteElo "2261"]
[BlackElo "1857"]
[PlyCount "59"]
[EventDate "2023.03.07"]
[EventType "swiss (blitz)"]
[EventRounds "11"]
[EventCountry "USA"]
[SourceTitle "EXT 2024"]
[Source "ChessBase"]
[SourceDate "2023.10.10"]
[SourceVersion "1"]
[SourceVersionDate "2023.10.10"]
[SourceQuality "1"]

1. d4 Nf6 2. c4 e6 3. Nf3 b6 4. g3 Ba6 5. b3 d5 6. Bg2 Bb7 7. Nbd2 Be7 8. 0-0 0-0 9. Bb2 c5 10. e3 Nc6 11. Qe2 Ne4 12. Nxe4 dxe4 13. Ne5 Nxe5 14. dxe5 f5 15. exf6 Bxf6 16. Rad1 Qe7 17. Bxf6 Rxf6 18. Qg4 Rg6 19. Qf4 Rf8 20. Qd6 Qf6 21. Rd2 Qf5 22. Qc7 Ba8 23. Rd7 e5 24. Re7 Rc6 25. Qxa7 Re6 26. Rxg7+ Kh8 27. Re7 Ref6 28. h4 Qh5 29. Qc7 R6f7 30. Rxf7 1-0

[Event "Titled Tuesday intern op 28th Feb Early"]
[Site "Chess.com INT"]
[Date "2023.02.28"]
[Round "2"]
[White "Odegov, Artem"]
[Black "Mitrabha, Guha"]
[Result "0-1"]
[WhiteElo "2286"]
[BlackElo "2510"]
[PlyCount "60"]
[EventDate "2023.02.28"]
[EventType "swiss (blitz)"]
[EventRounds "11"]
[EventCountry "USA"]
[SourceTitle "CBM 213 Extra"]
[Source "ChessBase"]
[SourceDate "2023.05.31"]
[SourceVersion "1"]
[SourceVersionDate "2023.05.31"]
[SourceQuality "1"]

1. d4 Nf6 2. c4 c5 3. d5 e6 4. Nc3 d6 5. Nf3 g6 6. e4 a6 7. a4 exd5 8. cxd5 Bg4 9. Be2 Bxf3 10. gxf3 Nbd7 11. f4 Bg7 12. Be3 0-0 13. Qc2 Re8 14. 0-0 Qe7 15. Bf3 c4 16. Rfe1 Rab8 17. a5 Rbc8 18. Rad1 Nc5 19. Bxc5 Rxc5 20. e5 dxe5 21. fxe5 Nd7 22. e6 Ne5 23. Bg2 fxe6 24. dxe6 Kh8 25. Nd5 Qh4 26. Re4 Qh5 27. f4 Nd3 28. Rxd3 cxd3 29. Qxc5 d2 30. Ne3 Qxc5 0-1

[Event "Titled Tuesday intern op 31st Jan Early"]
[Site "Chess.com INT"]
[Date "2023.01.31"]
[Round "4"]
[White "Kazakouski, Valery"]
[Black "Odegov, Artem"]
[Result "1-0"]
[WhiteElo "2539"]
[BlackElo "2286"]
[PlyCount "133"]
[EventDate "2023.01.31"]
[EventType "swiss (blitz)"]
[EventRounds "11"]
[EventCountry "USA"]
[SourceTitle "CBM 212 Extra"]
[Source "ChessBase"]
[SourceDate "2023.03.31"]
[SourceVersion "1"]
[SourceVersionDate "2023.03.31"]
[SourceQuality "1"]

1. Nf3 d5 2. c4 e6 3. b3 c5 4. e3 Nf6 5. Bb2 Nc6 6. cxd5 exd5 7. Bb5 Be7 8. 0-0 0-0 9. d4 Bg4 10. h3 Bh5 11. Nbd2 cxd4 12. Bxc6 bxc6 13. Bxd4 c5 14. Bb2 Re8 15. Rc1 Rc8 16. Qe2 Ne4 17. Rfd1 Qb6 18. Qd3 Nxd2 19. Rxd2 Rcd8 20. Ne5 Bf6 21. Qf5 Bg6 22. Nxg6 hxg6 23. Qf3 Bxb2 24. Rxb2 d4 25. exd4 cxd4 26. Rd2 Re7 27. Rcd1 Red7 28. Rd3 Qa6 29. R1d2 Qa5 30. Qf4 Qc5 31. Qe4 Re7 32. Qf4 Red7 33. h4 Rd5 34. g3 Rf5 35. Rxd4 Rxf4 36. Rxd8+ Kh7 37. gxf4 Qh5 38. R8d4 Qxh4 39. b4 Qh3 40. a4 Qg4+ 41. Kf1 Qh3+ 42. Ke1 Qh1+ 43. Ke2 Qh5+ 44. Kd3 Qf3+ 45. Kc4 Qc6+ 46. Kb3 Qf3+ 47. Kb2 f6 48. b5 g5 49. fxg5 fxg5 50. R4d3 Qf6+ 51. Kb3 Qf7+ 52. Kb4 Qf4+ 53. Rd4 Qc7 54. a5 Qe7+ 55. Ka4 Qe1 56. b6 a6 57. Rd5 Qa1+ 58. Kb4 Qb1+ 59. Kc5 Qc1+ 60. Kd6 Qa3+ 61. Kc7 Qc3+ 62. Kb7 g4 63. Kxa6 g3 64. fxg3 Qxg3 65. Ka7 g5 66. b7 Qe3+ 67. R2d4 1-0

[Event "Titled Tuesday intern op 31st Jan Early"]
[Site "Chess.com INT"]
[Date "2023.01.31"]
[Round "5"]
[White "Odegov, Artem"]
[Black "Belov, Alexei"]
[Result "0-1"]
[WhiteElo "2286"]
[BlackElo "2421"]
[PlyCount "118"]
[EventDate "2023.01.31"]
[EventType "swiss (blitz)"]
[EventRounds "11"]
[EventCountry "USA"]
[SourceTitle "CBM 212 Extra"]
[Source "ChessBase"]
[SourceDate "2023.03.31"]
[SourceVersion "1"]
[SourceVersionDate "2023.03.31"]
[SourceQuality "1"]

1. d4 e6 2. c4 d5 3. Nc3 Be7 4. Nf3 Nf6 5. Bg5 Nbd7 6. e3 0-0 7. Qc2 c5 8. Rd1 Qa5 9. cxd5 exd5 10. Bd3 h6 11. Bh4 c4 12. Bf5 b5 13. 0-0 b4 14. Ne2 Qxa2 15. Ra1 Qb3 16. Qxb3 cxb3 17. Nc1 Nb6 18. Nxb3 Bxf5 19. Na5 Rfc8 20. b3 Kf8 21. Ne5 Nfd7 22. Bxe7+ Kxe7 23. Nec6+ Kd6 24. Nxb4 Rc3 25. Na6 Bd3 26. Nb7+ Kc6 27. Na5+ Kb5 28. Nb7 Bxf1 29. Kxf1 Kc6 30. Na5+ Kd6 31. Nb7+ Ke7 32. Nac5 Nxc5 33. dxc5 Nd7 34. b4 a6 35. Na5 Ne5 36. f4 Nc4 37. e4 Nxa5 38. exd5 Nb3 39. Re1+ Kd7 40. f5 Nxc5 41. bxc5 Rxc5 42. Rd1 Rac8 43. h3 Rc1 44. Ke2 Rxd1 45. Kxd1 Kd6 46. g4 Kxd5 47. Ke2 a5 48. Kf3 f6 49. Kf4 a4 50. h4 Rc4+ 51. Kg3 Ke5 52. g5 fxg5 53. hxg5 hxg5 54. Kf3 Kxf5 55. Kg3 Rf4 56. Kg2 Kg4 57. Kh1 Rf2 58. Kg1 Kg3 59. Kh1 Rf1# 0-1

[Event "Titled Tuesday intern op 31st Jan Early"]
[Site "Chess.com INT"]
[Date "2023.01.31"]
[Round "1"]
[White "Zampronha, Wladimir Camilo"]
[Black "Odegov, Artem"]
[Result "0-1"]
[WhiteElo "2164"]
[BlackElo "2286"]
[PlyCount "108"]
[EventDate "2023.01.31"]
[EventType "swiss (blitz)"]
[EventRounds "11"]
[EventCountry "USA"]
[SourceTitle "CBM 212 Extra"]
[Source "ChessBase"]
[SourceDate "2023.03.31"]
[SourceVersion "1"]
[SourceVersionDate "2023.03.31"]
[SourceQuality "1"]

1. e4 e6 2. d4 d5 3. Nc3 Bb4 4. e5 c5 5. a3 Bxc3+ 6. bxc3 Ne7 7. Qg4 cxd4 8. Qxg7 Rg8 9. Qxh7 Qc7 10. Qd3 Nbc6 11. cxd4 Nxe5 12. Qb3 Nc4 13. Nf3 Bd7 14. Bg5 Nf5 15. h4 Rc8 16. Bd3 Qa5+ 17. Qb4 Qxb4+ 18. axb4 a6 19. g4 Nfd6 20. h5 Ne4 21. h6 Nxg5 22. Nxg5 Rxg5 23. h7 Ke7 24. h8Q Rxh8 25. Rxh8 Rxg4 26. Bxc4 dxc4 27. Kd2 Rxd4+ 28. Kc3 Rf4 29. Rh2 Bb5 30. Rd1 Rf3+ 31. Kd4 Rf5 32. Kc3 e5 33. Rd5 Rf3+ 34. Kb2 Ke6 35. Rd8 Bc6 36. c3 f6 37. Rd2 e4 38. Re2 Ke5 39. Rh5+ f5 40. Rh2 Kf4 41. Rh4+ Kg5 42. Rh2 Rd3 43. Kc1 Kf4 44. Kb2 Kf3 45. Rc2 f4 46. Rh3+ Kg4 47. Rh2 e3 48. fxe3 fxe3 49. Rh8 Bf3 50. Rg8+ Kf4 51. Rf8+ Ke4 52. Re8+ Kd5 53. Rh2 Kc6 54. Rh3 Rd2+ 0-1

[Event "Cheliabinsk Lozovatsky Memorial-A"]
[Site "Cheliabinsk"]
[Date "2023.01.30"]
[Round "4"]
[White "Odegov, Artem"]
[Black "Alpin, Maxim"]
[Result "1/2-1/2"]
[WhiteElo "2286"]
[BlackElo "2106"]
[PlyCount "53"]
[EventDate "2023.01.27"]
[EventType "swiss"]
[EventRounds "10"]
[EventCountry "RUS"]
[SourceTitle "CBM 212 Extra"]
[Source "ChessBase"]
[SourceDate "2023.03.31"]
[SourceVersion "1"]
[SourceVersionDate "2023.03.31"]
[SourceQuality "1"]

1. d4 d5 2. c4 e6 3. Nf3 Nf6 4. g3 Be7 5. Bg2 Nbd7 6. 0-0 0-0 7. Qd3 c5 8. cxd5 Nxd5 9. Rd1 cxd4 10. Nxd4 Qb6 11. e4 Nb4 12. Qe2 Bc5 13. Nf3 Nf6 14. a3 Nc6 15. b4 Bd4 16. Nxd4 Nxd4 17. Qb2 e5 18. h3 Rd8 19. Be3 Be6 20. Kh2 Rac8 21. Nd2 Qb5 22. Nf3 Nxf3+ 23. Bxf3 a5 24. Rxd8+ Rxd8 25. a4 Qxb4 26. Qxe5 Rc8 27. Rd1 1/2-1/2